000 00716nam a2200289Ia 4500
005 20260324132136.0
008 008 260324s9999 xx 000 0 eng d
020 _a9781315261089
037 _aEBOOK
040 _aCRL
040 _beng
040 _cCRL
041 _2eng
041 _aeng
084 _qCRL
100 _aMargaret Sönser Breen; Warren J. Blumenfeld
_91188180
245 0 _aButler Matters
245 0 _bJudith Butler's Impact on Feminist and Queer Studies
260 _bTaylor and Francis
260 _c2005
365 _a
365 _b230
856 _uhttp://www.taylorfrancis.com/books/9781315261089
942 _cEBOOK
999 _c1785995
_d1785995